| 000 | 00431cam a2200181 4500 | ||
|---|---|---|---|
| 001 | D13651 | ||
| 008 | 090401t1881 xxu||||| |||| 00| 0 eng d | ||
| 035 | _a(Sirsi) u10999 | ||
| 041 | _aeng | ||
| 100 | _aProbyn, J.W. | ||
| 245 | _aSystems of land tenure in various countries | ||
| 250 | _aRevised | ||
| 260 |
_bCassell, Petter, Galpin & Co _c1881 |
||
| 350 | _a0 | ||
| 520 | _aShelf 133 | ||
| 942 | _n0 | ||
| 948 | _c04/03/1997 | ||
| 999 |
_c86793 _d86793 |
||